000 00340nam a2200133Ia 4500
005 20260326100034.0
008 260326s9999||||xx |||||||||||||| ||und||
100 _aSelva, José
245 0 _aEl Arte Español en Tiempo de los Reyes Católicos /
_cJosé Selva
260 _bRamón Sopena
300 _a223 p.
650 _aARTE
942 _cBK
999 _c6744
_d6744